-
GUPTA, DR.ARUN KUMAR & RAGHUWANSHI, SHIVENDRA SINGH
Entry Personal Name
Number of records used in: 1
001 - CONTROL NUMBER
003 - CONTROL NUMBER IDENTIFIER
005 - DATE AND TIME OF LATEST TRANSACTION
- control field:
20250917121840.0
008 - FIXED-LENGTH DATA ELEMENTS
- fixed length control field:
250917|| aca||aabn | a|a d
040 ## - CATALOGING SOURCE
- Original cataloging agency:
JRU
- Transcribing agency:
JRU
100 ## - HEADING--PERSONAL NAME
- Personal name:
GUPTA, DR.ARUN KUMAR & RAGHUWANSHI, SHIVENDRA SINGH
670 ## - SOURCE DATA FOUND
- Source citation:
Work cat.: (JRU)8829: GUPTA, DR.ARUN KUMAR & RAGHUWANSHI, SHIVENDRA SINGH , A TEXT BOOK OF PHARMACEUTICAL INORGANIC CHEMISTRY [1ST YEAR B. PHARMA] SEM-1